Hommes élus les plus sexy du monde par images - Statistiques

Statistiques générales
  • Ce quiz a été pris 1 128 fois
  • Le résultat moyen est 18 sur 39
Statistiques - réponses
Par images Hint Réponse % Correct
2000 Brad Pitt
92%
1995 Brad Pitt
92%
2016 Dwayne Johnson
91%
2009 Johnny Depp
91%
2003 Johnny Depp
91%
2006 George Clooney
82%
1997 George Clooney
82%
1990 Tom Cruise
79%
2015 David Beckham
70%
2020 Michael B. Jordan
68%
2014 Chris Hemsworth
60%
2022 Chris Evans
57%
2007 Matt Damon
57%
2011 Bradley Cooper
55%
2008 Hugh Jackman
53%
2010 Ryan Reynolds
52%
1998 Harrison Ford
48%
2012 Channing Tatum
45%
2018 Idris Elba
41%
2004 Jude Law
41%
2023 Patrick Dempsey
41%
2002 Ben Affleck
38%
2001 Pierce Brosnan
36%
2019 John Legend
35%
1999 Richard Gere
35%
1993 - Couple de l'année Richard Gere et Cindy Crawford
35%
2013 Adam Levine
33%
1996 Denzel Washington
32%
2021 Paul Rudd
31%
1989 Sean Connery
30%
2005 Matthew McConaughey
28%
1991 Patrick Swayze
26%
1985 Mel Gibson
20%
2024 John Krasinski
18%
1988 John F. Kennedy, Jr.
8%
1986 Mark Harmon
7%
1992 Nick Nolte
5%
2017 Blake Shelton
4%
1987 Harry Hamlin
2%
Aucun quiz correspondant
Distribution des résultats
% des personnes avec chaque résultat
Percentile par nombre de réponses
Votre historique - résultats
Vous n’avez pas pris ce quiz